| 000 | 00433cam a2200169ua 4500 | ||
|---|---|---|---|
| 041 |
_aeng _h |
||
| 082 |
_a821 _bKIN/PO |
||
| 100 | _aKingsley, Charles . | ||
| 245 |
_aPoems / _cCharles Kingsley. _hTextual Documents |
||
| 260 |
_aLondon : _bJ M Dent and Sons Ltd , _c1927. |
||
| 300 | _a236 ; . | ||
| 440 | 0 |
_aEveryman`s Library, _v _x; |
|
| 490 | 0 |
_aEveryman`s Library, _v _x; |
|
| 504 | _a | ||
| 942 | _cBK | ||
| 999 |
_c5850 _d5850 |
||